000 00719nam a2200193Ii 4500
003 JO-AjNU
008 230605s9999||||xx |||||||||||||| ||und||
040 _aJO-AjNU
_bara
_erda
_cJO-AjNU
041 _aara
050 1 4 _aLB2395.M836 1998
100 3 _aمرسي، محمد منير,
_eauthor
_936503
245 0 0 _aكيف تتفوق في دراستك الجامعية ؟ دليل المتعلم إلى التعلم
264 3 1 _aالقاهرة:عالم الكتب،1998
300 _a120ص
336 _atext
_btxt
_2rdacontent
337 _aunmediated
_bn
_2rdamedia
338 _avolume
_bnc
_2rdacarrier
650 4 _aالتعليم الجامعي-التحصيل العلمي-التوجيه التربوي
_936504
999 _aA15172
_c18740
_d18740